|
|
|
|
| LEADER |
00000nab a2200000uu 4500 |
| 001 |
vtls011136727 |
| 003 |
SK-MaSNL |
| 005 |
20260303131008.0 |
| 008 |
230218|2005 xo |||||||||||||||||cze| |
| 015 |
|
|
|a SNBRB
|
| 035 |
|
|
|a (urnnbn)urn:nbn:sk:snk:ar-007r2i
|
| 035 |
|
|
|a (uuid)a192846c-1105-49ff-ad0e-50502af37682
|
| 035 |
|
|
|a urn:nbn:sk:snk-abapig
|
| 040 |
|
|
|a SNKBUCL
|b slo
|c SNKBUCL
|e AACR2
|
| 041 |
0 |
|
|a cze
|
| 044 |
|
|
|a xo
|c SK
|
| 100 |
1 |
|
|a Štork, J.
|4 aut
|9 1143508
|
| 245 |
1 |
0 |
|a Dermatitis seborrhoica
|c J. Štork, M. Kojanová, T. Šuková
|
| 700 |
1 |
|
|a Kojanová, M.
|4 aut
|9 1143564
|
| 700 |
1 |
|
|a Šuková, T.
|4 aut
|9 1147241
|
| 773 |
0 |
|
|t Česko-slovenská dermatologie : časopis dermatovenerologických společností
|g Roč. 80, č. 5 (2005), s. 261-269
|
| 954 |
|
|
|a odborná, vedecká literatúra cudzojazyčná (svetová)
|2 lita
|
| 958 |
|
|
|a OND
|
| 958 |
|
|
|a EUIPO
|
| 958 |
|
|
|a article14
|
| 999 |
|
|
|c 1942821
|d 1944751
|